| 000 | 01208nam a2200253Ia 4500 | ||
|---|---|---|---|
| 999 |
_c36887 _d36887 |
||
| 001 | 2837 | ||
| 003 | GE_BSU | ||
| 005 | 20190610211840.0 | ||
| 008 | 181216s2012||||ge |||||||||||||| ||geo|| | ||
| 020 | _a9789941924286 | ||
| 040 | _cGE_BSU | ||
| 041 | _ageo | ||
| 080 | _a316.32+339.924+005.4 ს–84 | ||
| 100 |
_aსტიგლიცი, ჯოზეფ _945 |
||
| 245 |
_aგლობალიზაცია და მისი თანმდევი უკმაყოფილება = Globalization and its discontents / _cჯოზეფ სტიგლიცი ; მთარგმნ. ლია ჯამბურია ; რედ. გიორგი აბაშიშვილი. |
||
| 264 |
_aთბილისი : _b,,რადარმი'', _c2012. |
||
| 300 |
_a382 გვ.; _b20 სმ. |
||
| 500 | _aთავფურ. ქართ. და ინგლ. | ||
| 501 | _aშენიშვნ.: გვ. 365-381. | ||
| 653 | _aგლობალიზაცია | ||
| 700 |
_aჯამბურია, ლია _eმთარგმნელი _92388 |
||
| 700 |
_aაბაშიშვილი, გიორგი _eრედაქტორი _92389 |
||
| 942 |
_cBK _2udc |
||